Sử dụng AutoCAD 2000

Na minha lista:
Detalhes bibliográficos
Autor principal: Nguyễn Hữu Lộc
Formato: Livro
Idioma:Undetermined
Publicado em: Thành phố Hồ Chí Minh Tổng hợp Thành phố Hồ Chí Minh 2005
Assuntos:
Tags: Adicionar Tag
Sem tags, seja o primeiro a adicionar uma tag!
Thư viện lưu trữ: Trung tâm Học liệu Trường Đại học Cần Thơ
LEADER 00640nam a2200205Ia 4500
001 CTU_101611
008 210402s9999 xx 000 0 und d
020 |c 36000 
082 |a 006.68 
082 |b L451/T1 
100 |a Nguyễn Hữu Lộc 
245 0 |a Sử dụng AutoCAD 2000 
245 0 |c Nguyễn Hữu Lộc 
260 |a Thành phố Hồ Chí Minh 
260 |b Tổng hợp Thành phố Hồ Chí Minh 
260 |c 2005 
650 |a autocad ( computer programs ),computer graphics 
650 |x computer programs 
904 |i Minh 
980 |a Trung tâm Học liệu Trường Đại học Cần Thơ